Sistema de ayuda financiera educacional
Presenta el diseño y desarrollo de un sistema automatizado que contenga toda la información concerniente a organismos que otorgan becas para estudios e investigaciones en los EEUU con el fin de proporcionar: acceso fácil y rápido a la información y determinar las opciones que se ajustan al perf...
| Main Authors: | , |
|---|---|
| Other Authors: | |
| Format: | Tesis Section = Libro |
| Language: | Undetermined Spanish |
| Published: |
Managua
UNI
1998
|
| Subjects: |
| LEADER | 01153nam a2200241Ia 4500 | ||
|---|---|---|---|
| 008 | 240830s9999 xx 000 0 und d | ||
| 040 | |a BIBLIOTECA-RUSB/ Mon 025.04 M765 | ||
| 041 | |a spa | ||
| 082 | |a Mon 025.04 M765 | ||
| 100 | 1 | |a Montano Rosales, Claudia | |
| 100 | 1 | |b Manjarrez de Narváez, Marianela | |
| 245 | 1 | 0 | |a Sistema de ayuda financiera educacional |
| 260 | |a Managua |b UNI |c 1998 | ||
| 300 | |a 120 p. :il. | ||
| 502 | |a Tesis (Ingeniero en Computación) - UNI, 1998. | ||
| 520 | 3 | |a Presenta el diseño y desarrollo de un sistema automatizado que contenga toda la información concerniente a organismos que otorgan becas para estudios e investigaciones en los EEUU con el fin de proporcionar: acceso fácil y rápido a la información y determinar las opciones que se ajustan al perfil del aplicante. Contiene manual del usuario el cual describe los pasos necesarios para su utilización. | |
| 650 | 7 | |a SISTEMAS DE ALMACENAMIENTO Y RECUPERACIÓN DE LA INFORMACIÓN | |
| 650 | 7 | |b ANÁLISIS DE DATOS | |
| 650 | 7 | |c AUTOMATIZACIÓN | |
| 700 | 1 | |a Tutor: |b Quintana Bonilla, Marisela | |
| 942 | |c BK |2 ddc | ||
| 991 | |a TESIS | ||
| 999 | |c 19869 | ||